[Event "d10"]
[Site "?"]
[Date "2020.08.28"]
[Round "2.2"]
[White "Czajka, Faustyna"]
[Black "Woytitzki, Maja"]
[Result "1-0"]
[BlackElo "1040"]
[WhiteElo "1420"]
[LiveChessVersion "1.4.8"]

1. e4 e5 2. Nf3 Nc6 3. d4 d6 4. dxe5 dxe5 5. Qxd8+ Kxd8 6. Nc3 Bb4 7. Bd2 Nf6 8.
Bd3 Bg4 9. a3 Bxc3 10. Bxc3 Bxf3 11. gxf3 Nd4 12. f4 Nf3+ 13. Ke2 Nd4+ 14. Bxd4
exd4 15. Rad1 Re8 16. e5 Nd5 17. Kf3 h5 18. Be4 Nb6 19. Rxd4+ Ke7 20. Bxb7 Rab8
21. Bc6 Red8 22. Rhd1 g6 23. Rxd8 Rxd8 24. Rxd8 Kxd8 25. Bb5 Ke7 26. Ke4 c5 27.
b4 c4 28. Kd4 Ke6 29. Bxc4+ Nxc4 30. Kxc4 Kf5 31. Kd4 Kxf4 32. c4 Kf5 33. Kd5 f6
34. e6 g5 35. e7 Kg6 36. e8=Q+ Kg7 37. c5 f5 38. c6 Kf6 39. Qe6+ Kg7 40. c7 Kf8
41. Qd7 Kg8 42. c8=R# 1-0

[Event "d10"]
[Site "?"]
[Date "2020.08.28"]
[Round "2.3"]
[White "Pajer, Irena"]
[Black "Figa, Karolina"]
[Result "1-0"]
[BlackElo "1350"]
[WhiteElo "1031"]
[LiveChessVersion "1.4.8"]

1. e4 {[%clk 0:15:18]} c6 {[%clk 0:15:18]} 2. Nf3 {[%clk 0:15:23]} d5
{[%clk 0:15:25]} 3. exd5 {[%clk 0:15:23]} cxd5 {[%clk 0:15:32]} 4. d4
{[%clk 0:15:32]} Bg4 {[%clk 0:15:33]} 5. Be2 {[%clk 0:15:35]} Nc6
{[%clk 0:15:28]} 6. O-O {[%clk 0:15:42]} e6 {[%clk 0:15:36]} 7. Bf4
{[%clk 0:15:47]} Nf6 {[%clk 0:15:35]} 8. Nc3 {[%clk 0:15:51]} Bd6
{[%clk 0:15:36]} 9. Qd2 {[%clk 0:15:05]} O-O {[%clk 0:15:31]} 10. Rad1
{[%clk 0:14:21]} Qc7 {[%clk 0:15:34]} 11. Bxd6 {[%clk 0:14:27]} Qxd6
{[%clk 0:15:43]} 12. Rfe1 {[%clk 0:14:34]} Rac8 {[%clk 0:15:13]} 13. Ne5
{[%clk 0:13:33]} Bf5 {[%clk 0:14:34]} 14. Bb5 {[%clk 0:13:14]} Nb4
{[%clk 0:14:32]} 15. Rc1 {[%clk 0:11:59]} Ne4 {[%clk 0:14:10]} 16. Nxe4
{[%clk 0:11:22]} Bxe4 {[%clk 0:14:14]} 17. c3 {[%clk 0:11:28]} Nc6
{[%clk 0:13:55]} 18. Bxc6 {[%clk 0:11:13]} bxc6 {[%clk 0:14:00]} 19. Qg5
{[%clk 0:11:21]} f6 {[%clk 0:13:10]} 20. Qg3 {[%clk 0:11:18]} fxe5
{[%clk 0:13:16]} 21. dxe5 {[%clk 0:11:25]} Qe7 {[%clk 0:12:58]} 22. Qe3
{[%clk 0:11:04]} Qf7 {[%clk 0:12:53]} 23. f3 {[%clk 0:11:11]} Bg6
{[%clk 0:12:32]} 24. Qc5 {[%clk 0:11:15]} Bh5 {[%clk 0:12:27]} 25. Rf1
{[%clk 0:11:16]} Qg6 {[%clk 0:12:17]} 26. Qe3 {[%clk 0:11:00]} Rf5
{[%clk 0:11:58]} 27. Rf2 {[%clk 0:11:02]} Rcf8 {[%clk 0:12:03]} 28. Rcf1
{[%clk 0:11:10]} Qg5 {[%clk 0:12:04]} 29. Qd3 {[%clk 0:10:55]} c5
{[%clk 0:11:51]} 30. Kh1 {[%clk 0:10:31]} Bg6 {[%clk 0:11:43]} 31. Qa6
{[%clk 0:10:22]} Rxe5 {[%clk 0:11:35]} 32. f4 {[%clk 0:10:16]} Qh4
{[%clk 0:10:17]} 33. fxe5 {[%clk 0:09:14]} Rxf2 {[%clk 0:10:08]} 34. Qxe6+
{[%clk 0:09:20]} Kf8 {[%clk 0:09:52]} 35. Qc8+ {[%clk 0:09:03]} Ke7
{[%clk 0:09:41]} 36. Qxc5+ {[%clk 0:09:09]} Ke6 {[%clk 0:09:37]} 37. Qxf2
{[%clk 0:08:58]} Qa4 {[%clk 0:09:08]} 38. Qc5 {[%clk 0:08:41]} Kxe5
{[%clk 0:08:52]} 39. Re1+ {[%clk 0:08:44]} Kf6 {[%clk 0:08:31]} 40. Qd6+
{[%clk 0:08:45]} Kf7 {[%clk 0:08:28]} 41. Qe6+ {[%clk 0:08:26]} Kf8
{[%clk 0:08:33]} 42. Rf1+ {[%clk 0:08:35]} Bf5 {[%clk 0:08:17]} 43. Rxf5#
{[%clk 0:08:40]} 1-0

[Event "d10"]
[Site "?"]
[Date "2020.08.28"]
[Round "2.4"]
[White "Lajdamik, Kinga"]
[Black "Wieczorek, Maja"]
[Result "0-1"]
[BlackElo "1030"]
[WhiteElo "1290"]
[LiveChessVersion "1.4.8"]

1. e4 {[%clk 0:15:18]} e5 {[%clk 0:15:18]} 2. Nf3 {[%clk 0:15:14]} Nc6
{[%clk 0:15:26]} 3. Bb5 {[%clk 0:15:13]} Nf6 {[%clk 0:14:51]} 4. d3
{[%clk 0:14:31]} Bc5 {[%clk 0:14:34]} 5. Bxc6 {[%clk 0:14:14]} dxc6
{[%clk 0:14:40]} 6. Nxe5 {[%clk 0:14:18]} Qd4 {[%clk 0:14:37]} 7. Be3
{[%clk 0:13:11]} Qxb2 {[%clk 0:13:02]} 8. Bxc5 {[%clk 0:12:32]} Qxa1
{[%clk 0:12:41]} 9. Nc4 {[%clk 0:11:55]} Qxa2 {[%clk 0:11:57]} 10. Nc3
{[%clk 0:12:02]} Qa6 {[%clk 0:11:44]} 11. O-O {[%clk 0:10:52]} Be6
{[%clk 0:10:42]} 12. Qe2 {[%clk 0:10:14]} Bxc4 {[%clk 0:09:20]} 13. dxc4
{[%clk 0:10:18]} O-O-O {[%clk 0:09:13]} 14. e5 {[%clk 0:10:12]} Nd7
{[%clk 0:08:57]} 15. Qg4 {[%clk 0:10:08]} Kb8 {[%clk 0:08:40]} 16. Be7
{[%clk 0:09:45]} Nxe5 {[%clk 0:07:52]} 17. Qe4 {[%clk 0:09:42]} Nxc4
{[%clk 0:07:01]} 18. Bxd8 {[%clk 0:09:49]} Nd2 {[%clk 0:06:57]} 19. Qf4
{[%clk 0:09:54]} Qxf1# {[%clk 0:07:00]} 0-1

[Event "d10"]
[Site "?"]
[Date "2020.08.28"]
[Round "2.6"]
[White "Biedrzycka, Natalia"]
[Black "Borowik, Monika"]
[Result "0-1"]
[BlackElo "1207"]
[WhiteElo "1029"]
[LiveChessVersion "1.4.8"]

1. e4 {[%clk 0:15:18]} c5 {[%clk 0:15:19]} 2. Bc4 {[%clk 0:15:26]} g6
{[%clk 0:15:22]} 3. Nf3 {[%clk 0:15:32]} Bg7 {[%clk 0:15:19]} 4. O-O
{[%clk 0:15:36]} Nc6 {[%clk 0:15:21]} 5. Nc3 {[%clk 0:15:44]} Nf6
{[%clk 0:15:07]} 6. d3 {[%clk 0:15:44]} O-O {[%clk 0:14:57]} 7. Be3
{[%clk 0:15:45]} d6 {[%clk 0:14:52]} 8. d4 {[%clk 0:15:21]} cxd4 {[%clk 0:14:29]}
9. Bxd4 {[%clk 0:15:07]} Nxd4 {[%clk 0:14:23]} 10. Nxd4 {[%clk 0:14:56]} Bd7
{[%clk 0:12:26]} 11. Nf3 {[%clk 0:14:42]} Qb6 {[%clk 0:12:00]} 12. b3
{[%clk 0:14:13]} Bc6 {[%clk 0:11:16]} 13. Bd5 {[%clk 0:13:49]} Nxd5
{[%clk 0:11:08]} 14. Nxd5 {[%clk 0:13:49]} Bxd5 {[%clk 0:11:09]} 15. Qxd5
{[%clk 0:13:53]} Bxa1 {[%clk 0:11:00]} 16. Rxa1 {[%clk 0:14:00]} Qc6
{[%clk 0:10:55]} 17. Qd3 {[%clk 0:13:47]} Rac8 {[%clk 0:10:53]} 18. c4
{[%clk 0:13:48]} e5 {[%clk 0:09:47]} 19. a4 {[%clk 0:13:10]} Kh8 {[%clk 0:09:04]}
20. Ng5 {[%clk 0:12:31]} h6 {[%clk 0:08:59]} 21. Nf3 {[%clk 0:12:18]} Qc5
{[%clk 0:08:31]} 22. Qd2 {[%clk 0:12:18]} Kh7 {[%clk 0:08:14]} 23. Qc3
{[%clk 0:11:58]} a6 {[%clk 0:06:28]} 24. b4 {[%clk 0:12:06]} Qxc4
{[%clk 0:06:18]} 25. Qa3 {[%clk 0:11:16]} Qc3 {[%clk 0:05:49]} 26. Qa2
{[%clk 0:11:10]} Qc1+ {[%clk 0:04:53]} 27. Ne1 {[%clk 0:10:55]} Qc4
{[%clk 0:04:44]} 28. Qd2 {[%clk 0:10:37]} Qd4 {[%clk 0:04:24]} 29. Qa2
{[%clk 0:10:20]} Qxe4 {[%clk 0:04:08]} 30. h3 {[%clk 0:09:39]} d5
{[%clk 0:03:45]} 31. Nf3 {[%clk 0:09:40]} Qc4 {[%clk 0:03:07]} 32. Qb2
{[%clk 0:09:34]} Qc3 {[%clk 0:02:32]} 33. Qb1 {[%clk 0:09:28]} e4
{[%clk 0:02:25]} 34. Ne1 {[%clk 0:09:13]} d4 {[%clk 0:02:11]} 35. Qxe4
{[%clk 0:08:49]} Qxa1 {[%clk 0:02:13]} 36. Kh2 {[%clk 0:08:22]} Rce8
{[%clk 0:01:48]} 37. Nc2 {[%clk 0:08:11]} Rxe4 {[%clk 0:01:53]} 38. Nxa1
{[%clk 0:08:19]} d3 {[%clk 0:02:01]} 39. Nb3 {[%clk 0:08:24]} Rxb4
{[%clk 0:02:08]} 40. Nc5 {[%clk 0:08:23]} d2 {[%clk 0:02:15]} 41. Nd7
{[%clk 0:08:21]} d1=Q {[%clk 0:02:07]} 42. Nxf8+ {[%clk 0:08:29]} Kg8
{[%clk 0:02:16]} 43. Nxg6 {[%clk 0:08:29]} fxg6 {[%clk 0:02:15]} 44. g4
{[%clk 0:08:38]} Qf3 {[%clk 0:02:16]} 45. h4 {[%clk 0:08:42]} Rxg4
{[%clk 0:02:23]} 46. h5 Qg2# 0-1

[Event "d10"]
[Site "?"]
[Date "2020.08.28"]
[Round "3.1"]
[White "Smietanska, Wiktoria"]
[Black "Lipczynska, Antonina"]
[Result "1-0"]
[BlackElo "1132"]
[WhiteElo "1584"]
[LiveChessVersion "1.4.8"]

1. c4 {[%clk 0:15:18]} c5 {[%clk 0:15:18]} 2. Nf3 {[%clk 0:15:26]} Nf6
{[%clk 0:15:22]} 3. Nc3 {[%clk 0:15:33]} Nc6 {[%clk 0:15:28]} 4. g3
{[%clk 0:15:36]} g6 {[%clk 0:14:18]} 5. d4 {[%clk 0:15:10]} Nxd4 {[%clk 0:12:54]}
6. Nxd4 {[%clk 0:15:15]} cxd4 {[%clk 0:12:52]} 7. Qxd4 {[%clk 0:15:20]} Bg7
{[%clk 0:12:52]} 8. Bg2 {[%clk 0:14:27]} O-O {[%clk 0:12:39]} 9. O-O
{[%clk 0:13:43]} d6 {[%clk 0:11:52]} 10. Bg5 {[%clk 0:09:52]} Nd7
{[%clk 0:10:36]} 11. Qd2 {[%clk 0:09:03]} Nc5 {[%clk 0:10:10]} 12. Nd5
{[%clk 0:07:56]} Re8 {[%clk 0:09:00]} 13. Bh6 {[%clk 0:06:14]} e6
{[%clk 0:08:30]} 14. Bxg7 {[%clk 0:05:46]} exd5 {[%clk 0:07:51]} 15. Bc3
{[%clk 0:04:33]} dxc4 {[%clk 0:06:58]} 16. Qd4 {[%clk 0:03:23]} Ne6
{[%clk 0:06:17]} 17. Qh8# {[%clk 0:03:30]} 1-0

[Event "d10"]
[Site "?"]
[Date "2020.08.28"]
[Round "3.2"]
[White "Pietryk, Hanna"]
[Black "Czajka, Faustyna"]
[Result "0-1"]
[BlackElo "1420"]
[WhiteElo "1098"]
[LiveChessVersion "1.4.8"]

1. e4 c5 2. Nf3 d6 3. d4 cxd4 4. Nxd4 Nf6 5. Nc3 g6 6. Bg5 Bg7 7. f4 Nc6 8. Bb5
Bd7 9. Nxc6 Bxc6 10. Bxc6+ bxc6 11. Qf3 Qc7 12. O-O-O Qb7 13. e5 dxe5 14. fxe5
Nd7 15. e6 Ne5 16. exf7+ Nxf7 17. Bh4 O-O 18. Qh3 Rfd8 19. Na4 Qb4 20. Nc3 Rdb8
21. Kd2 Qxb2 0-1

[Event "d10"]
[Site "?"]
[Date "2020.08.28"]
[Round "3.4"]
[White "Borowik, Monika"]
[Black "Wlodarczyk, Julia"]
[Result "1-0"]
[BlackElo "1079"]
[WhiteElo "1207"]
[LiveChessVersion "1.4.8"]

1. d4 {[%clk 0:15:18]} e6 {[%clk 0:15:19]} 2. e4 {[%clk 0:15:26]} d5
{[%clk 0:15:27]} 3. Nd2 {[%clk 0:15:34]} c5 {[%clk 0:15:33]} 4. c3
{[%clk 0:15:16]} Qb6 {[%clk 0:15:36]} 5. Ngf3 {[%clk 0:14:42]} Nc6
{[%clk 0:15:24]} 6. exd5 {[%clk 0:13:20]} exd5 {[%clk 0:15:31]} 7. Nb3
{[%clk 0:13:14]} Bd7 {[%clk 0:15:24]} 8. dxc5 {[%clk 0:12:40]} Bxc5
{[%clk 0:15:27]} 9. Nxc5 {[%clk 0:12:36]} Qxc5 {[%clk 0:15:29]} 10. Be3
{[%clk 0:12:25]} Qe7 {[%clk 0:14:55]} 11. Be2 {[%clk 0:10:56]} Nf6
{[%clk 0:14:59]} 12. Bg5 {[%clk 0:09:55]} O-O {[%clk 0:14:57]} 13. O-O
{[%clk 0:08:51]} Rfe8 {[%clk 0:14:57]} 14. Re1 {[%clk 0:08:16]} Qd8
{[%clk 0:14:53]} 15. Bxf6 {[%clk 0:07:10]} Qxf6 {[%clk 0:14:51]} 16. Qxd5
{[%clk 0:06:46]} Rad8 {[%clk 0:14:29]} 17. Qg5 {[%clk 0:05:38]} Qxg5
{[%clk 0:13:43]} 18. Nxg5 {[%clk 0:05:47]} h6 {[%clk 0:13:45]} 19. Nf3
{[%clk 0:05:55]} Bg4 {[%clk 0:13:33]} 20. h3 {[%clk 0:05:42]} Bh5
{[%clk 0:13:30]} 21. g4 {[%clk 0:05:20]} Bg6 {[%clk 0:13:33]} 22. Bb5
{[%clk 0:04:30]} a6 {[%clk 0:13:26]} 23. Ba4 {[%clk 0:04:04]} b5 {[%clk 0:13:12]}
24. Bb3 {[%clk 0:03:56]} a5 {[%clk 0:12:40]} 25. a4 {[%clk 0:03:26]} b4
{[%clk 0:12:10]} 26. cxb4 {[%clk 0:03:04]} axb4 {[%clk 0:12:09]} 27. Rxe8+
{[%clk 0:02:23]} Rxe8 {[%clk 0:12:07]} 28. Rd1 {[%clk 0:02:01]} Be4
{[%clk 0:11:36]} 29. Nd2 {[%clk 0:01:42]} Bg6 {[%clk 0:11:19]} 30. Nc4
{[%clk 0:01:38]} Ra8 {[%clk 0:10:59]} 31. Rd6 {[%clk 0:01:14]} Na5
{[%clk 0:10:40]} 32. Nxa5 {[%clk 0:01:14]} Rxa5 {[%clk 0:10:32]} 33. Rxg6
{[%clk 0:01:21]} Kf8 {[%clk 0:10:20]} 34. Rb6 {[%clk 0:01:15]} Re5
{[%clk 0:10:05]} 35. Rxb4 {[%clk 0:01:00]} Re1+ {[%clk 0:09:55]} 36. Kg2
{[%clk 0:01:09]} Ra1 {[%clk 0:09:40]} 37. Rb8+ {[%clk 0:01:15]} Ke7
{[%clk 0:09:38]} 38. Rb7+ {[%clk 0:01:21]} Kf6 {[%clk 0:09:37]} 39. Rxf7+
{[%clk 0:01:28]} Kg6 {[%clk 0:09:32]} 40. h4 {[%clk 0:01:07]} Rb1
{[%clk 0:09:05]} 41. Bc2+ {[%clk 0:01:14]} Kxf7 {[%clk 0:09:06]} 42. Bxb1
{[%clk 0:01:22]} Kf6 {[%clk 0:09:02]} 43. b4 {[%clk 0:01:31]} Ke6
{[%clk 0:09:08]} 44. a5 {[%clk 0:01:35]} Kd6 {[%clk 0:09:14]} 45. b5
{[%clk 0:01:43]} Kc5 {[%clk 0:09:14]} 46. b6 {[%clk 0:01:50]} Kc6
{[%clk 0:09:18]} 47. Be4+ {[%clk 0:01:58]} Kd7 {[%clk 0:09:12]} 48. a6
{[%clk 0:02:03]} Kc8 {[%clk 0:09:01]} 49. a7 {[%clk 0:02:07]} g5 {[%clk 0:09:04]}
50. a8=Q+ {[%clk 0:02:14]} Kd7 {[%clk 0:09:03]} 51. Qc6+ {[%clk 0:02:20]} Ke7
{[%clk 0:09:09]} 52. Bf5 {[%clk 0:02:23]} gxh4 {[%clk 0:09:03]} 53. Qe6+
{[%clk 0:02:29]} Kd8 {[%clk 0:08:55]} 54. Qd7# {[%clk 0:02:37]} 1-0

[Event "d10"]
[Site "?"]
[Date "2020.08.28"]
[Round "3.5"]
[White "Gorska, Amelia"]
[Black "Polakiewicz, Blanka"]
[Result "0-1"]
[BlackElo "1178"]
[WhiteElo "1045"]
[LiveChessVersion "1.4.8"]

1. e4 {[%clk 0:15:19]} c5 {[%clk 0:15:19]} 2. Nf3 {[%clk 0:15:26]} d6
{[%clk 0:15:25]} 3. d4 {[%clk 0:15:32]} cxd4 {[%clk 0:15:33]} 4. Qxd4
{[%clk 0:15:39]} Nc6 {[%clk 0:15:17]} 5. Bb5 {[%clk 0:15:45]} Bd7
{[%clk 0:15:10]} 6. Bxc6 {[%clk 0:15:51]} Bxc6 {[%clk 0:15:18]} 7. Nc3
{[%clk 0:15:55]} e5 {[%clk 0:14:53]} 8. Qd3 {[%clk 0:15:45]} Nf6 {[%clk 0:14:46]}
9. Bg5 {[%clk 0:15:52]} Be7 {[%clk 0:14:52]} 10. O-O-O {[%clk 0:15:50]} a6
{[%clk 0:14:51]} 11. Rhe1 {[%clk 0:14:41]} Ng4 {[%clk 0:11:59]} 12. Bxe7
{[%clk 0:14:16]} Qxe7 {[%clk 0:11:02]} 13. Qxd6 {[%clk 0:13:40]} Nxf2
{[%clk 0:10:22]} 14. Qxe7+ {[%clk 0:12:59]} Kxe7 {[%clk 0:10:20]} 15. Nd5+
{[%clk 0:11:58]} Bxd5 {[%clk 0:09:41]} 16. Rxd5 {[%clk 0:11:23]} f6
{[%clk 0:08:24]} 17. h3 {[%clk 0:10:11]} Rhd8 {[%clk 0:07:40]} 18. Rd2
{[%clk 0:09:47]} Rxd2 {[%clk 0:07:14]} 19. Kxd2 {[%clk 0:09:47]} Rc8
{[%clk 0:06:34]} 20. b3 {[%clk 0:07:31]} b5 {[%clk 0:05:52]} 21. c3
{[%clk 0:05:56]} Rd8+ {[%clk 0:06:01]} 22. Ke3 {[%clk 0:05:19]} Nd3
{[%clk 0:05:53]} 23. Rd1 {[%clk 0:05:13]} Nf4 {[%clk 0:05:40]} 24. Rxd8
{[%clk 0:04:50]} Kxd8 {[%clk 0:05:49]} 25. Ne1 {[%clk 0:04:17]} Kd7
{[%clk 0:05:50]} 26. c4 {[%clk 0:04:17]} bxc4 {[%clk 0:05:46]} 27. bxc4
{[%clk 0:04:17]} Kc6 {[%clk 0:05:55]} 28. Kd2 {[%clk 0:03:51]} Kc5
{[%clk 0:05:36]} 29. Kc3 {[%clk 0:03:52]} g5 {[%clk 0:05:30]} 30. a4
{[%clk 0:03:39]} a5 {[%clk 0:05:30]} 31. Kb3 {[%clk 0:03:29]} Kd4
{[%clk 0:05:20]} 32. Nc2+ {[%clk 0:02:07]} Kxe4 {[%clk 0:05:11]} 33. Na3
{[%clk 0:01:44]} Kd4 {[%clk 0:04:53]} 34. Nb5+ {[%clk 0:01:18]} Kc5
{[%clk 0:04:47]} 35. Nc7 {[%clk 0:00:56]} Nxg2 {[%clk 0:04:13]} 36. Ne6+
{[%clk 0:01:00]} Kd6 {[%clk 0:04:05]} 37. Nd8 {[%clk 0:01:01]} Kc7
{[%clk 0:03:59]} 38. Ne6+ {[%clk 0:01:09]} Kb6 {[%clk 0:03:43]} 39. c5+
{[%clk 0:01:16]} Kc6 {[%clk 0:03:51]} 40. Kc4 {[%clk 0:01:22]} Nf4
{[%clk 0:03:44]} 41. Nd8+ {[%clk 0:01:23]} Kc7 {[%clk 0:03:46]} 42. Nf7
{[%clk 0:01:07]} Nxh3 {[%clk 0:03:21]} 43. Kb5 {[%clk 0:01:06]} g4
{[%clk 0:03:23]} 0-1

[Event "d10"]
[Site "?"]
[Date "2020.08.28"]
[Round "3.6"]
[White "Klintsevich, Aliaksandra"]
[Black "Pajer, Irena"]
[Result "1-0"]
[BlackElo "1031"]
[WhiteElo "1153"]
[LiveChessVersion "1.4.8"]

1. d4 d5 2. c4 c6 3. Nf3 e6 4. Nc3 Bd6 5. Bg5 Qb6 6. c5 Qxb2 7. Na4 Qb4+ 8. Bd2
Qb5 9. e3 Qxf1+ 10. Rxf1 Bc7 11. Nc3 Nf6 12. Ne5 O-O 13. f4 Na6 14. g4 Bxe5 15.
fxe5 Ne4 16. Nxe4 dxe4 17. g5 b6 18. cxb6 axb6 19. h4 c5 20. Qg4 c4 21. Qxe4 Bd7
22. h5 Bb5 23. Bc3 Nc7 24. h6 Nd5 25. hxg7 Rfc8 26. Qh4 Nxc3 27. Rh1 Kxg7 28.
Qxh7+ Kf8 29. Qh8+ Ke7 30. Qf6+ Kd7 31. Qxf7+ Kc6 32. Qxe6+ Kb7 33. Rh7+ Ka6 34.
Qe7 Bc6 35. Qa3+ Na4 36. Rb1 b5 37. Rb4 Rg8 38. e4 Be8 39. Rxa4+ bxa4 40. Qd6+
Ka5 41. Qc5+ Bb5 42. Rb7 Rab8 43. Qxb5# 1-0

[Event "d10"]
[Site "?"]
[Date "2020.08.28"]
[Round "3.7"]
[White "Tokarz, Gabriela"]
[Black "Wieczorek, Maja"]
[Result "0-1"]
[BlackElo "1030"]
[WhiteElo "1141"]
[LiveChessVersion "1.4.8"]

1. d4 Nf6 2. c4 g6 3. Nc3 Bg7 4. e4 d6 5. f3 O-O 6. Be3 e5 7. d5 a5 8. a4 Na6 9.
Bd3 h5 10. Nge2 Nc5 11. Ng3 Nh7 12. f4 exf4 13. Bxf4 g5 14. Be3 Bg4 15. Qd2 h4
16. Nge2 Nb3 17. Qd1 Nxa1 18. Qxa1 Bxe2 19. Bxe2 Re8 20. Bd3 f5 21. Kd2 f4 22.
Bf2 g4 23. g3 f3 24. gxh4 Bh6+ 25. Kc2 Qf6 26. Bg3 Bf4 27. Rg1 Be3 28. Rf1 Bf4
29. Rg1 Bxg3 30. Rxg3 Qf4 31. Qg1 Nf6 32. h3 Re5 33. hxg4 Rae8 34. g5 Nxe4 35.
Nxe4 Rxe4 36. Bxe4 Rxe4 37. Kb1 f2 0-1

[Event "d10"]
[Site "?"]
[Date "2020.08.28"]
[Round "4.1"]
[White "Polakiewicz, Blanka"]
[Black "Smietanska, Wiktoria"]
[Result "1-0"]
[BlackElo "1584"]
[WhiteElo "1178"]
[LiveChessVersion "1.4.8"]

1. e4 {[%clk 0:15:17]} c6 {[%clk 0:15:18]} 2. d4 {[%clk 0:15:25]} d5
{[%clk 0:15:27]} 3. exd5 {[%clk 0:15:34]} cxd5 {[%clk 0:15:36]} 4. Bd3
{[%clk 0:15:42]} Nc6 {[%clk 0:15:44]} 5. c3 {[%clk 0:15:51]} Nf6 {[%clk 0:15:52]}
6. h3 {[%clk 0:15:59]} g6 {[%clk 0:15:59]} 7. Nf3 {[%clk 0:16:06]} Bf5
{[%clk 0:16:03]} 8. Bxf5 {[%clk 0:15:35]} gxf5 {[%clk 0:16:11]} 9. O-O
{[%clk 0:15:31]} e6 {[%clk 0:15:31]} 10. Bf4 {[%clk 0:14:48]} Bd6
{[%clk 0:13:31]} 11. Qd2 {[%clk 0:13:25]} Ne4 {[%clk 0:13:06]} 12. Qc1
{[%clk 0:12:29]} Qf6 {[%clk 0:08:44]} 13. Bxd6 {[%clk 0:12:20]} Nxd6
{[%clk 0:08:52]} 14. Qg5 {[%clk 0:11:31]} Qxg5 {[%clk 0:08:07]} 15. Nxg5
{[%clk 0:11:38]} h6 {[%clk 0:07:03]} 16. Nf3 {[%clk 0:11:44]} O-O-O
{[%clk 0:05:33]} 17. Nbd2 {[%clk 0:11:20]} Rhg8 {[%clk 0:04:50]} 18. Ne5
{[%clk 0:11:00]} Rg7 {[%clk 0:03:27]} 19. f4 {[%clk 0:10:53]} Rdg8
{[%clk 0:02:25]} 20. Rf2 {[%clk 0:10:56]} f6 {[%clk 0:01:02]} 21. Nxc6
{[%clk 0:10:53]} bxc6 {[%clk 0:01:11]} 22. Re1 {[%clk 0:10:41]} Ne4
{[%clk 0:01:13]} 23. Nxe4 {[%clk 0:10:32]} fxe4 {[%clk 0:01:04]} 24. c4
{[%clk 0:09:43]} f5 {[%clk 0:00:25]} 25. c5 {[%clk 0:09:39]} Rg3 {[%clk 0:00:28]}
26. Rd2 {[%clk 0:08:40]} Rxh3 {[%clk 0:00:32]} 27. Kf2 {[%clk 0:05:49]} Rhg3
{[%clk 0:00:37]} 28. Kg1 {[%clk 0:05:24]} R8g4 {[%clk 0:00:18]} 29. Rf1
{[%clk 0:04:24]} h5 {[%clk 0:00:15]} 30. Kh2 {[%clk 0:04:20]} Rg6
{[%clk 0:00:13]} 31. b4 {[%clk 0:03:15]} Rc3 {[%clk 0:00:16]} 32. Rb1
{[%clk 0:02:50]} Rg4 {[%clk 0:00:16]} 33. b5 {[%clk 0:01:57]} Rh4+
{[%clk 0:00:22]} 34. Kg1 {[%clk 0:01:58]} e3 {[%clk 0:00:22]} 35. Rdb2
{[%clk 0:01:55]} e2 {[%clk 0:00:13]} 36. bxc6 {[%clk 0:01:25]} Kc7
{[%clk 0:00:17]} 37. Rxe2 {[%clk 0:01:23]} Kxc6 {[%clk 0:00:15]} 38. Rxe6+
{[%clk 0:01:24]} Kc7 {[%clk 0:00:18]} 39. Re7+ {[%clk 0:01:10]} Kc6
{[%clk 0:00:13]} 40. Rxa7 {[%clk 0:01:06]} Rxc5 {[%clk 0:00:12]} 41. dxc5
{[%clk 0:01:11]} Kxc5 {[%clk 0:00:22]} 42. Rc7+ {[%clk 0:01:18]} Kd4
{[%clk 0:00:26]} 43. g3 {[%clk 0:01:19]} Rg4 {[%clk 0:00:34]} 44. Kg2
{[%clk 0:01:12]} h4 {[%clk 0:00:26]} 45. Rd1+ {[%clk 0:01:18]} Ke3
{[%clk 0:00:34]} 46. Re7# {[%clk 0:01:24]} 1-0

[Event "d10"]
[Site "?"]
[Date "2020.08.28"]
[Round "4.2"]
[White "Czajka, Faustyna"]
[Black "Borowik, Monika"]
[Result "0-1"]
[BlackElo "1207"]
[WhiteElo "1420"]
[LiveChessVersion "1.4.8"]

1. e4 c5 2. Nf3 g6 3. d4 cxd4 4. Nxd4 Nc6 5. c4 Bg7 6. Be3 Nf6 7. Nc3 O-O 8. Be2
d6 9. O-O Bd7 10. f3 a6 11. a4 Qb6 12. Qd2 Nxe4 13. Nxe4 Bxd4 14. Bxd4 Qxd4+ 15.
Qxd4 Nxd4 16. Bd3 Rac8 17. Kf2 f5 18. Nc3 e5 19. Kg1 Be6 20. Nd5 Bxd5 21. cxd5
Kh8 22. b4 Nc2 23. Rab1 Ne3 24. Rfc1 Nxd5 25. b5 axb5 26. Bxb5 Nc3 27. Ra1 Rc5
28. Rc2 Rfc8 29. Rd2 d5 30. Rb2 d4 31. Re1 e4 32. fxe4 fxe4 33. Rd2 Rd8 34. h3
Re5 35. Kh2 Nxb5 36. axb5 Ree8 37. Kg3 g5 38. Kg4 Re5 39. h4 h6 40. Kh5 Kg7 41.
hxg5 hxg5 42. Kg4 Kg6 43. Kg3 d3 44. Re3 Rd4 45. Kg4 Rxb5 46. Kg3 Rc5 47. Kf2 b5
48. Ke1 b4 49. Kd1 b3 50. Rb2 Rdc4 51. Kd2 Rc2+ 52. Rxc2 bxc2 53. Kc1 d2+ 54.
Kxd2 c1=Q+ 55. Ke2 Rc2# 0-1

[Event "d10"]
[Site "?"]
[Date "2020.08.28"]
[Round "4.4"]
[White "Wieczorek, Maja"]
[Black "Doskocz, Dominika"]
[Result "1-0"]
[BlackElo "1170"]
[WhiteElo "1030"]
[LiveChessVersion "1.4.8"]

1. e4 {[%clk 0:15:17]} e5 {[%clk 0:15:19]} 2. Nf3 {[%clk 0:15:25]} Nc6
{[%clk 0:15:28]} 3. Nc3 {[%clk 0:15:34]} Nf6 {[%clk 0:15:37]} 4. a3
{[%clk 0:15:43]} a6 {[%clk 0:15:43]} 5. h3 {[%clk 0:15:32]} h6 {[%clk 0:15:52]}
6. d4 {[%clk 0:15:20]} exd4 {[%clk 0:15:43]} 7. Nxd4 {[%clk 0:15:27]} Bc5
{[%clk 0:15:49]} 8. Nf5 {[%clk 0:15:21]} O-O {[%clk 0:15:42]} 9. Bc4
{[%clk 0:15:18]} d6 {[%clk 0:15:46]} 10. O-O {[%clk 0:14:57]} Re8
{[%clk 0:15:38]} 11. Qf3 {[%clk 0:14:49]} Bxf5 {[%clk 0:15:20]} 12. Qxf5
{[%clk 0:14:45]} Ne5 {[%clk 0:14:42]} 13. Bb3 {[%clk 0:14:46]} Ng6
{[%clk 0:14:42]} 14. Be3 {[%clk 0:13:44]} Bxe3 {[%clk 0:14:34]} 15. fxe3
{[%clk 0:13:50]} Kf8 {[%clk 0:14:22]} 16. Nd5 {[%clk 0:13:31]} Re5
{[%clk 0:14:02]} 17. Qf3 {[%clk 0:13:34]} Re6 {[%clk 0:13:00]} 18. Nxf6
{[%clk 0:13:11]} Rxf6 {[%clk 0:13:03]} 19. Qe2 {[%clk 0:13:15]} Kg8
{[%clk 0:12:22]} 20. Rxf6 {[%clk 0:13:10]} Qxf6 {[%clk 0:12:26]} 21. Rf1
{[%clk 0:13:16]} Qxb2 {[%clk 0:12:21]} 22. Bxf7+ {[%clk 0:13:08]} Kh7
{[%clk 0:12:27]} 23. Qh5 {[%clk 0:13:03]} Ne5 {[%clk 0:11:53]} 24. Qf5+
{[%clk 0:12:05]} Kh8 {[%clk 0:11:47]} 25. Bg6 {[%clk 0:11:51]} Nxg6
{[%clk 0:11:36]} 26. Qxg6 {[%clk 0:11:55]} Qc3 {[%clk 0:11:09]} 27. Rf3
{[%clk 0:10:32]} Qe1+ {[%clk 0:11:01]} 28. Kh2 {[%clk 0:10:39]} Qc3
{[%clk 0:11:06]} 29. Rg3 {[%clk 0:10:08]} Qe5 {[%clk 0:10:21]} 30. Qf7
{[%clk 0:09:49]} h5 {[%clk 0:10:02]} 31. Qf4 {[%clk 0:09:17]} Qe7
{[%clk 0:09:30]} 32. Rg5 {[%clk 0:09:14]} Qe8 {[%clk 0:08:35]} 33. Qh4
{[%clk 0:09:11]} g6 {[%clk 0:08:21]} 34. Qf4 {[%clk 0:09:12]} Qg8
{[%clk 0:07:58]} 35. Qf6+ {[%clk 0:09:12]} Kh7 {[%clk 0:07:48]} 36. Qe7+
{[%clk 0:08:38]} Kh8 {[%clk 0:07:45]} 37. Qxc7 {[%clk 0:08:28]} Re8
{[%clk 0:07:33]} 38. Qxb7 Rc8 {[%clk 0:07:10]} 39. Qxa6 {[%clk 0:07:56]} Rxc2
{[%clk 0:07:03]} 40. Qxd6 {[%clk 0:07:52]} Kh7 {[%clk 0:07:00]} 41. Qe7+
{[%clk 0:07:52]} Kh6 {[%clk 0:06:59]} 42. Qf6 {[%clk 0:07:29]} Ra2
{[%clk 0:06:43]} 43. Qf4 {[%clk 0:07:26]} Kh7 {[%clk 0:06:25]} 44. Rd5
{[%clk 0:07:05]} Rxa3 {[%clk 0:06:15]} 45. Rd7+ {[%clk 0:07:09]} Kh8
{[%clk 0:06:01]} 46. Qh6+ {[%clk 0:07:13]} Qh7 {[%clk 0:06:05]} 47. Qxh7# 1-0